Mathematical modelling in biology and ecology

Na minha lista:
Detalhes bibliográficos
Autor principal: Getz, W. M (Author)
Formato: Livro
Idioma:inglês
Publicado em: Berlín Springer-Verlag 1980
Colecção:Lecture Notes in Biomathematics, 33
Assuntos:
Tags: Adicionar Tag
Sem tags, seja o primeiro a adicionar uma tag!

MARC

LEADER 00000nam a2200000 a 4500
001 UCS0917
003 CL-VaPUC
005 20230112074259.0
008 970428e19800000gw 1 eng d
082 0 4 |a 570.15195  |b GET  |2 21 
100 1 |a Getz, W. M  |e author  |9 618366 
245 1 0 |a Mathematical modelling in biology and ecology 
260 |a Berlín  |b Springer-Verlag  |c 1980 
300 |a 355 p 
490 0 |a Lecture Notes in Biomathematics, 33 
583 |a last modification  |c 19970428 00:00:00  |k Rodrigo Vera 
650 0 7 |a BIOMATEMATICAS  |2 CL-VaPUC  |9 260148 
650 0 0 |a Modelos matemáticos   |9 259437 
650 0 0 |a Biología  |9 262022 
650 0 0 |a Ecología   |9 258124 
650 0 0 |a Congresos  |9 257560 
942 |c BK 
945 |a rleighto  |d 19970428 00:00:00 
546 |a En Inglés 
518 |p Proceedings of a Symposium held at the CSIR, Pretoria, July, 1979 
999 |c 382920  |d 382918